MBA nie je kvalifikačným predpokladom, ale konkurenčnou výhodou
MBA (Master of Business Administration) - získanie rozsiahlejších poznatkov z finančného manažmentu, marketingu a riadenia ľudí. Kolískou MBA sú USA. Na Slovensku má MBA v porovnaní so západnými krajinami menšiu tradíciu. MBA u nás je viac orientované na prax. Náklady na získanie MBA. Nevyhnutné pod...
Enregistré dans:
| Auteur principal: | |
|---|---|
| Format: | Chapitre de livre |
| Langue: | slovaque |
| Sujets: | |
| Tags: |
Pas de tags, Soyez le premier à ajouter un tag!
|
MARC
| LEADER | 00000naa$a2200000$$$4500 | ||
|---|---|---|---|
| 001 | 0011722 | ||
| 005 | 20231009074518.0 | ||
| 041 | 0 | |a slo | |
| 044 | |a SK | ||
| 245 | 1 | 0 | |a MBA nie je kvalifikačným predpokladom, ale konkurenčnou výhodou |c aut. Martin Valášek |
| 520 | |a MBA (Master of Business Administration) - získanie rozsiahlejších poznatkov z finančného manažmentu, marketingu a riadenia ľudí. Kolískou MBA sú USA. Na Slovensku má MBA v porovnaní so západnými krajinami menšiu tradíciu. MBA u nás je viac orientované na prax. Náklady na získanie MBA. Nevyhnutné podmienky na štúdium MBA. MBA a štát. Trh práce MBA oceňuje. | ||
| 610 | 2 | 0 | |a vzdelávanie |
| 610 | 2 | 0 | |a manažment finančný |
| 610 | 2 | 0 | |a marketing |
| 610 | 2 | 0 | |a manažment personálny |
| 610 | 2 | 0 | |a náklady |
| 610 | 2 | 0 | |a trh práce |
| 610 | 2 | 0 | |a konkurencia |
| 610 | 2 | 0 | |a MBA |
| 100 | 1 | |a Valášek, Martin | |